| 000 | 00603nam a2200157Ia 4500 | ||
|---|---|---|---|
| 008 | 140724s9999 xx 000 0 und d | ||
| 050 |
_aBF 637.C6 _b.D542 2010 |
||
| 100 | _aDiaz, Hannah Joy M. | ||
| 245 |
_aRelationship of social anxiety, self-esteem and social effectiveness among first year college students of Southville International School and Colleges / _cHannah Joy M. Diaz. |
||
| 260 |
_aLas PiƱas, Philippines : _bSouthville International School and Colleges, _cc2010. |
||
| 300 |
_a42 p. : _bill. ; _c28 cm. |
||
| 521 | _aPsychology | ||
| 650 | _aAnxiety | ||
| 942 | _cTH | ||
| 999 |
_c228917 _d228917 |
||